Daňové podvody na nemecký spôsob

Lichtenštajn a bankovníctvo. História lichtenštajnského bankovníctva. Nízke dane. Dohoda o obchode. Nemeckí klienti.

Enregistré dans:
Détails bibliographiques
Auteur principal: Škriniar, Pavel, 1979-
Format: Chapitre de livre
Langue:slovaque
Sujets:
Tags: Ajouter un tag
Pas de tags, Soyez le premier à ajouter un tag!

MARC

LEADER 00000naa$a2200000$$$4500
001 0088327
005 20240502072005.4
041 0 |a slo 
044 |a SK 
245 1 0 |a Daňové podvody na nemecký spôsob  |c Pavel Škriniar 
520 |a Lichtenštajn a bankovníctvo. História lichtenštajnského bankovníctva. Nízke dane. Dohoda o obchode. Nemeckí klienti. 
610 2 0 |a podvody 
610 2 0 |a dane 
610 2 0 |a Lichtenštajnsko 
610 2 0 |a legislatíva 
100 1 |a Škriniar, Pavel, 1979-